02346agaaa2200325 45000010005000000030009000050050017000140070009000310080040000400400023000800410013001031000045001161300023001612400034001842450202002182460027004202500022004472600143004693000034006125080220006465110092008665200730009585380016016885460013017046500066017177000055017837000062018387000057019007000063019578581IT-RoPAU20220918181223.0d cvaizq50131s9999||||xx ||| | || ||und|| aIT-RoPAUcIT-RoPAU aITALIANO aOury GerardgCodice regista SPICS: 59411 aTRE UOMINI IN FUGA aGRANDE VADROUILLE (LA)gT3768 aTRE UOMINI IN FUGAcProdotto da: Dorfmann Robert -- Sceneggiatura: Jullian Marcel Oury Gerard Thompson Danielle -- Diretto da: Oury GerardpTRE UOMINI IN FUGA (Rif. Codice opera principale : H8581) aGRANDE VADROUILLE (LA) aEdizione Standard a(FRANCIA)bLES FILMS CORONA - THE RANK ORGANISATION / Distribuzione: MULTIMEDIA SAN PAOLOg"1966 (1° ed.: 2008 ; Ed. Lingua Orig.: 1966)" aDVDbsonoro, col.c120 minuti a"Fotografia: Renoir Claude; Montaggio: Jurgenson Albert; Musica: Auric George; Sceneggiatura: Jullian Marcel Oury Gerard Thompson Danielle; Scenografia: Meurisse T. Andre' J; Soggetto: Jullian Marcel -- Oury Gerard" a"Bourvil; De; Funes Louis; Crook Claudio; Parisy Andrea; Brosset Colette; Marquet Mary" a"DURANTE L'ULTIMA GUERRA, UN AEREO INGLESE E' ABBATTUTO MENTRE SORVOLA PARIGI. 3 DEI COMPONENTI DELL'EQUIPAGGIO RIESCONO A SALVARSI CON I PARACADUTE: UNO CADE SUL TETTO DEL TEATRO DELL'OPERA, UN ALTRO ATTERRA VICINO AL COMANDO DELLE SS, IL TERZO NEL LAGHETTO DELLE FOCHE AL GIARDINO ZOOLOGICO. AIUTATI DA UN CELEBRE DIRETTORE D'ORCHESTRA, DA UN IMBIANCHINO E DA UNA GIOVANE BURATTINAIA, I 3 RIESCONO A RICONGIUNGERSI E INSIEME AI LORO SALVATORI INIZIANO UNA LUNGA FUGA ATTRAVERSO LA FRANCIA OCCUPATA DAI TEDESCHI. CADUTI NELLE MANI DEI TEDESCHI, GRAZIE A UNA BUONA DOSE DI FORTUNA RIESCONO A GUADAGNARE LA LIBERTA' FUGGENDO SU DUE ALIANTI. CONTENUTI EXTRA: BIO-FILMOGRAFIA DIDE FUNES; TRAILER ORIGINALE; LOCANDINE DEL MONDO." aPAL, STEREO aITALIANO aCOMMEDIA - GUERRAeDVD-FILM [DVD]xCodice MATERIA SPICS: 9947 aAuric Georgee(musica)gCodice Musica SPICS: 14416 aJullian Marcel e(soggetto)gCodice Soggetto SPICS: 12832 aOury Gerard e(regista)gCodice regista SPICS: 59411 aOury Gerard e(soggetto)gCodice Soggetto 2° SPICS: 59411